000 00359nam a22001577a 4500
003 MACL
005 20211117114609.0
008 211009b |||||||| |||| 00| 0 eng d
040 _cMACL
082 _aWil\370
100 _aWil, P.
_981237
245 _aPersonality Judgement
260 _aDelhi
_bPearl Books
_c2008
650 _aEducation
942 _2ddc
_cBK
999 _c64504
_d64504